<?xml version="1.0" encoding="UTF-8"?>
<collection xmlns="http://www.loc.gov/MARC21/slim">
 <record>
  <leader>01621nam a2200217Ia 4500</leader>
  <controlfield tag="001">CTU_167124</controlfield>
  <controlfield tag="008">210402s9999    xx            000 0 und d</controlfield>
  <datafield tag="020" ind1=" " ind2=" ">
   <subfield code="c">120000</subfield>
  </datafield>
  <datafield tag="082" ind1=" " ind2=" ">
   <subfield code="a">398.2093948</subfield>
  </datafield>
  <datafield tag="082" ind1=" " ind2=" ">
   <subfield code="b">C942</subfield>
  </datafield>
  <datafield tag="100" ind1=" " ind2=" ">
   <subfield code="a">Croix, Francois Pétis De La</subfield>
  </datafield>
  <datafield tag="245" ind1=" " ind2="0">
   <subfield code="a">Nghìn lẻ một ngày =</subfield>
  </datafield>
  <datafield tag="245" ind1=" " ind2="4">
   <subfield code="b">The thousand one days : truyện cổ Ba Tư</subfield>
  </datafield>
  <datafield tag="245" ind1=" " ind2="0">
   <subfield code="c">Francois Pétis De La Croix ; Phan Quang (dịch và giới thiệu)</subfield>
  </datafield>
  <datafield tag="260" ind1=" " ind2=" ">
   <subfield code="a">Thành phố Hồ Chí Minh</subfield>
  </datafield>
  <datafield tag="260" ind1=" " ind2=" ">
   <subfield code="b">Văn học</subfield>
  </datafield>
  <datafield tag="260" ind1=" " ind2=" ">
   <subfield code="c">2010</subfield>
  </datafield>
  <datafield tag="520" ind1=" " ind2=" ">
   <subfield code="a">Nghìn lẻ một ngày, một cô gái trinh kể nhằm làm vui tai một tên bạo chúa. Để trả thù bà hoàng hậu thất tiết, đã quyết định cứ mỗi đêm bắt một cô gái trẻ vào thoả mãn dục vọng rồi sáng hôm sau sai chém đầu ngay, cho người đàn bà đó không còn có cơ hội ngoại tình nữa. Câu chuyện kể doa bắt buộc phải hấp dẫn, truyện trước mở nút kéo truyện sau nhập cuộc, truyện sau phải mới và hay hơn truyện trước và bao giờ câu chuyện cũng dừng lại nữa chừng ở đoạn gay cấn nhất để vua bằng lòng chờ đến sáng hôm sau - có nghia hoãn bản án tử hình thêm một ngày.</subfield>
  </datafield>
  <datafield tag="650" ind1=" " ind2=" ">
   <subfield code="a">Fairy tales,Arab  folklore,Truyện cổ,Văn học dân gian Ả Rập</subfield>
  </datafield>
  <datafield tag="904" ind1=" " ind2=" ">
   <subfield code="i">Trinh,Qhieu</subfield>
  </datafield>
  <datafield tag="980" ind1=" " ind2=" ">
   <subfield code="a">Trung tâm Học liệu Trường Đại học Cần Thơ</subfield>
  </datafield>
 </record>
</collection>
